Writing worlds : discourse, text, and metaphor in the representation of landscape (Record no. 313293)

MARC details
000 -LEADER
fixed length control field 00730nam a2200229Ia 4500
008 - FIXED-LENGTH DATA ELEMENTS--GENERAL INFORMATION
fixed length control field 191130s1992##################000#0#eng##
020 ## - INTERNATIONAL STANDARD BOOK NUMBER
ISBN 9780415054997
082 ## - DEWEY DECIMAL CLASSIFICATION NUMBER
Classification number 910.014 BAR
245 ## - TITLE STATEMENT
Title Writing worlds : discourse, text, and metaphor in the representation of landscape
Statement of responsibility, etc edited by Trevor J. Barnes and James S. Duncan
260 ## - PUBLICATION, DISTRIBUTION, ETC. (IMPRINT)
Place of publication London ; New York
Name of publisher Routledge
Year of publication 1992
300 ## - PHYSICAL DESCRIPTION
Number of Pages xiii, 282 p. : ill., maps ; 24 cm
650 ## - SUBJECT ADDED ENTRY--TOPICAL TERM
Topical Term Deconstruction
Topical Term Discourse analysis
Topical Term Geography - Methodology
700 ## - ADDED ENTRY--PERSONAL NAME
Personal name Barnes, Trevor J
Personal name Duncan, James S
991 ## -
-- 98963

No items available.

Find us on the map